Polskie miasta według opisu od ChataGPT #3 - Statystyki

Ogólne statystyki
  • Ten quiz został rozwiązany 11 razy
  • Średni wynik to 3 z 20
Statystyki odpowiedzi
Opis Miasto % Poprawnych
Brama do Podhala, z tradycjami góralskimi i targowiskiem. Nowy Targ
73%
Centrum przemysłu szklarskiego i motoryzacyjnego, z pięknym rynkiem. Krosno
45%
Uzdrowisko w górach z deptakami i trasami narciarskimi. Krynica-Zdrój
45%
Niewielkie miasto pod Poznaniem, z parkami i historycznym centrum. Luboń
36%
Małe miasto nad jeziorami Mazur, idealne dla żeglarzy. Pisz
27%
Miasteczko z pięknym renesansowym zamkiem Piastów Śląskich. Brzeg
18%
Malownicze miasteczko w Beskidzie Niskim, znane z klasztoru i historii. Dukla
18%
Małe miasteczko w regionie świętokrzyskim, z ciekawą architekturą. Staszów
18%
Znane z ruin zamku królewskiego i malowniczych krajobrazów. Chęciny
9%
Miasto z tradycją browarniczą i urokliwym rynkiem. Grodzisk Wielkopolski
9%
Małe miasto z muzeum w skansenie i tradycyjną architekturą. Sierpc
9%
Historyczne miasteczko z zamkiem i urokliwym rynkiem. Szamotuły
9%
Historyczne miasteczko blisko Roztocza. Tomaszów Lubelski
9%
Miasto nad rzeką Nielbą, z ładnym rynkiem i terenami rekreacyjnymi. Wągrowiec
9%
Małe miasteczko pielgrzymkowe z zabytkowym klasztorem. Wąwolnica
9%
Niewielkie miasto z historią średniowieczną i rynkiem. Koło
0%
Miasto z gotyckim zamkiem i ciekawą historią średniowiecza. Łęczyca
0%
Małe miasto z tradycją i zielonymi terenami rekreacyjnymi. Ostrów Mazowiecka
0%
Historyczne miasto z zabytkowym rynkiem i sanktuarium. Węgrów
0%
Niewielkie, spokojne miasto z tradycyjnym rynkiem. Zambrów
0%
Nie znaleziono quizów pasujących do podanych kryteriów
Rozkład punktacji
Procent ludzi z każdym wynikiem
Percentyl według liczby udzielonych odpowiedzi
Twoja historia wyników
Nie rozwiązałeś tego quizu